Mysterious puzzles from the past / (Record no. 41138)

MARC details
000 -LEADER
fixed length control field 00645nam a22001937a 4500
005 - DATE AND TIME OF LATEST TRANSACTION
control field 20100811155359.0
010 ## - LCCN (DPL NO)
LC control number ENG-99596
020 ## - INTERNATIONAL STANDARD BOOK NUMBER
International Standard Book Number 9788188540839
Terms of availability 400.00
035 ## - SYSTEM CONTROL NUMBER
System control number EN-83128
037 ## - SOURCE OF ACQUISITION
Source of stock number/acquisition DBAD/PUB
082 ## - DEWEY DECIMAL CLASSIFICATION NUMBER
Classification number 909
100 ## - MAIN ENTRY--PERSONAL NAME
Personal name Khatri,Vikas
245 ## - TITLE STATEMENT
Title Mysterious puzzles from the past /
Statement of responsibility, etc by Vikas Khatri
260 ## - PUBLICATION, DISTRIBUTION, ETC. (IMPRINT)
Place of publication, distribution, etc New Delhi
Name of publisher, distributor, etc R K Publishers
Date of publication, distribution, etc 2010
270 ## - ADDRESS
Address L-45 Gali No 5 Shivaji Marg Kartar Nagar
City Delhi
Postal code 110053
300 ## - PHYSICAL DESCRIPTION
Extent 191p
Other physical details ill
Dimensions 22cm(Hb)
942 ## - ADDED ENTRY ELEMENTS (KOHA)
Source of classification or shelving scheme Dewey Decimal Classification
Item type Bengali Books
Classification part 909
Call number suffix KHA
Holdings
Withdrawn status Lost status Not for loan Collection code Home library Current library Date acquired Source of acquisition Cost, normal purchase price Full call number Barcode Copy number Cost, replacement price Koha item type
    Not For Loan Non-fiction D.B.Act.Division D.B.Act.Division 11/08/2010 DBAD/PUB 400.00 909 KHA EN-83128 1 400.00 Bengali Books

© Delhi Public Library
Hit Counter
free hit counter